ムゲン地獄・アミダ極楽のボス妖怪 - Statistics

General Stats
  • This quiz has been taken 205 times
  • The average score is 8 of 12
Answer Stats
Hint Answer % Correct
まっくろどんどん どんどろ
96%
来世で会いま掌 あやとりさま
95%
おのぼりファイヤー! おのぼり黒トン
89%
トンデモいぼいぼ撃 地獄大山椒
73%
ヨサコイ冥土節 第八三途丸
68%
カム&ゴーなう! いくよね・くるよね
60%
ソラミファド〜ン 熟魔女ソラミ
60%
内臓がないぞー! キモナシ先生
56%
三日月の爪痕 月影入道
55%
遺憾のイレーザー ゲソヒゲール大臣
49%
よみがえる宝刀 国宝・影正
46%
いけいけヨーソロー 泥船ヨーソ郎
29%
No matching quizzes found
Score Distribution
Percent of People with Each Score
Percentile by Number Answered
Your Score History
You have not taken this quiz